Asian Capitals - Sudden Death - Statistics

General Stats
  • This quiz has been taken 63 times
  • The average score is 5 of 7
Answers on the Grid
Answers color-coded by a green-red scale on the quiz's grid according to % correct below.
Hanoi
Ho Chi Minh
Beijing
Shanghai
Osaka
Nanking
Kathmandu
Thimphu
Nur-Sultan / Astana
Lhasa
Delhi
Mumbai
Busan
Manama
Jeddah
 
Answer Stats
Answer % Correct
Beijing
86%
Delhi
84%
Hanoi
80%
Kathmandu
78%
Nur-Sultan / Astana
69%
Manama
63%
Thimphu
63%
No matching quizzes found
Score Distribution
Percent of People with Each Score
Percentile by Number Answered
Your Score History
You have not taken this quiz